Adjustment : (Record no. 4378)

MARC details
000 -LEADER
fixed length control field 00766cam a2200181 a 4500
020 ## - INTERNATIONAL STANDARD BOOK NUMBER
ISBN 0070204063 :
022 ## - INTERNATIONAL STANDARD SERIAL NUMBER
ISSN 9780070204065
050 00 - CALL NUMBER
Classification number BF335
Item number .F36
100 1# - AUTHOR
Personal name Feldman, Robert S.
245 10 - TITLE
Title Adjustment :
Remainder of title applying psychology in a complex world /
Statement of responsibility, etc Robert S. Feldman.
260 ## - PUBLICATION INFORMATION
Place of publication New York :
Name of publisher McGraw-Hill,
Year of publication c1989.
300 ## - DESCRIPTION
Number of Pages xxvii, 571 p. :
Other physical details ill. (some col.) ;
Dimensions 24 cm.
500 ## - NOTES
General note Includes indexes.
505 ## - FORMATTED CONTENTS NOTE
Table of Content Part 1. Introduction <br/>Part 2. The individual <br/>Part 3. Staying well: Physical and mental health <br/>Part 4. Relationships <br/>Part 5. Living with others in the world around us <br/>Glossary<br/>References<br/>Acknowledgements <br/>Name Index<br/>Subject Index<br/>
650 #0 - SUBJECTS
Topical Term Adjustment (Psychology)
650 #0 - SUBJECTS
Topical Term Psychology, Applied.
942 ## - ADDED ENTRY ELEMENTS (KOHA)
Koha item type Books
Holdings
Withdrawn status Lost status Home library Current library Shelving location Date acquired Full call number Accession Number Koha item type
    Methodist University Library Main Methodist University Library Main General Stacks 12/12/1999 BF335 .F36 16452 Books
    Methodist University Library Main Methodist University Library Main General Stacks 12/12/1999 BF335 .F36 16454 Books
Copyright © 2026  MUG Library